书目信息 |
| 题名: |
无人机
|
|
| 作者: | 米歇尔 著 ;白秀敏 译 | |
| 分册: | ||
| 出版信息: | 北京 中信出版集团股份有限公司 2021 |
|
| 页数: | 375页 | |
| 开本: | 21cm | |
| 丛书名: | ||
| 单 册: | ||
| 中图分类: | V279-49 , V279 | |
| 科图分类: | ||
| 主题词: | 无人驾驶飞机--普及读物 | |
| 电子资源: | ||
| ISBN: | 978-7-5217-3054-8 | |
| 000 | 01285nam0 2200253 450 | |
| 001 | 2268910547 | |
| 005 | 20221008190849.65 | |
| 010 | @a978-7-5217-3054-8@dCNY69.00 | |
| 100 | @a20210826d2021 em y0chiy50 ea | |
| 101 | 1 | @achi@ceng |
| 102 | @aCN@b110000 | |
| 105 | @ay z 000yy | |
| 200 | 1 | @a无人机@9wu ren ji@e天空之眼的当下与未来@dEyes in the sky@ethe secret rise of gorgon stare and how it will watch us all@f(美)亚瑟·霍兰德·米歇尔著@g白秀敏译@zeng |
| 210 | @a北京@c中信出版集团股份有限公司@d2021 | |
| 215 | @a375页@d21cm | |
| 330 | @a本书讲述了美国政府秘密开发出一套高清监视系统,并结合无人机技术来监视美国在海外的敌人的全过程,随后这一现代监视技术开始转向美国国内乃至全球。在战争中,无人机监视技术拯救了无数人的生命,当这项技术被秘密部署到美国的重要城市时,它能帮助警察快速确定犯罪嫌疑人,降低一座城市的犯罪率,有助于缓解早晚高峰时的交通拥堵,还能及时发现并扑灭森林火灾等。但是同时,无人机监视技术也在入侵我们的生活。 | |
| 510 | 1 | @aEyes in the sky@ethe secret rise of gorgon stare and how it will watch us all@zeng |
| 606 | 0 | @a无人驾驶飞机@j普及读物 |
| 690 | @aV279-49@v5 | |
| 690 | @aV279@v4 | |
| 701 | 0 | @c(美)@a米歇尔@9mi xie er@c(Michel, Arthur Holland)@4著 |
| 702 | 0 | @a白秀敏@9bai xiu min@4译 |
| 801 | 0 | @aCN@b91MARC@c20210829 |
| 905 | @aZUCC@dV279@e15 | |
| 无人机:天空之眼的当下与未来=Eyes in the sky:the secret rise of gorgon stare and how it will watch us all/(美)亚瑟·霍兰德·米歇尔著/白秀敏译.-北京:中信出版集团股份有限公司,2021 |
| 375页;21cm |
| ISBN 978-7-5217-3054-8:CNY69.00 |
| 本书讲述了美国政府秘密开发出一套高清监视系统,并结合无人机技术来监视美国在海外的敌人的全过程,随后这一现代监视技术开始转向美国国内乃至全球。在战争中,无人机监视技术拯救了无数人的生命,当这项技术被秘密部署到美国的重要城市时,它能帮助警察快速确定犯罪嫌疑人,降低一座城市的犯罪率,有助于缓解早晚高峰时的交通拥堵,还能及时发现并扑灭森林火灾等。但是同时,无人机监视技术也在入侵我们的生活。 |
| ● |
| 相关链接 |
|
|
|
正题名:无人机
索取号:V279/15
 
预约/预借
| 序号 | 登录号 | 条形码 | 馆藏地/架位号 | 状态 | 备注 |
| 1 | 2000913253 | 2000913253 | 第三书库/ [索取号:V279/15] | 在馆 | |
| 2 | 2000913254 | 2000913254 | 第三书库/ [索取号:V279/15] | 在馆 | |
| 3 | 2000913255 | 2000913255 | 第三书库/ [索取号:V279/15] | 在馆 |